000
00443nam a2200169Ia 4500
008
100122s9999 xx 000 0 und d
082
_b
56589
_a
823.08
100
_a
मुजावर बशीर
245
_a
मळभ
260
_b
साहेबजी प्रकाशन
_c
1997
300
_a
203
520
_a
गूढकथा
620
_a
गूढकथा
630
_a
मळभ
730
_a
मळभ
942
_c
BOOK
999
_c
432996
_d
432993